[Event "IECC Swiss-487.4"]
[Site "IECC email"]
[Date "2006.05.23"]
[Round "?"]
[White "Wozniak, Zbigniew"]
[Black "Kukla, Kevin"]
[Result "1/2-1/2"]
[WhiteElo "1775"]
[BlackElo "1674"]
[PlyCount "86"]
[EventDate "2006.??.??"]
[EventType "swiss (corr)"]
[EventRounds "1"]
[SourceTitle "Corr 2008"]
[Source "ChessBase"]
[SourceDate "2008.06.24"]
[SourceVersion "1"]
[SourceVersionDate "2008.06.24"]
[SourceQuality "1"]

1. e4 c5 2. Nf3 e6 3. d4 cxd4 4. Nxd4 Nf6 5. Nc3 d6 6. Be3 a6 7. f3 b5 8. g4 b4 9. Nce2 Bb7 10. Qd2 d5 11. g5 Nfd7 12. Bg2 dxe4 13. fxe4 Ne5 14. 0-0-0 Nbd7 15. Bf4 Rc8 16. Nf3 Ng6 17. Ng3 Nxf4 18. Qxf4 Be7 19. h4 Qc7 20. Qxc7 Rxc7 21. h5 Nc5 22. Rh4 h6 23. gxh6 gxh6 24. Rg4 Nxe4 25. Nxe4 f5 26. Nd6+ Bxd6 27. Rg6 Bf4+ 28. Kb1 Kf7 29. Ne1 Bxg2 30. Nxg2 Be5 31. Ne1 a5 32. Nf3 Bf6 33. Rd6 f4 34. Kc1 Rhc8 35. Kd1 Ke7 36. Ra6 Bxb2 37. Rgxe6+ Kf8 38. Ne5 Bxe5 39. Rxe5 Rd7+ 40. Kc1 f3 41. Rf6+ Rf7 42. Ref5 Rxf6 43. Rxf6+ Ke7 1/2-1/2

[Event "IECC Swiss-487.2"]
[Site "IECC email"]
[Date "2005.03.28"]
[Round "?"]
[White "Shillingberg, John"]
[Black "Kukla, Kevin"]
[Result "0-1"]
[WhiteElo "1113"]
[BlackElo "1665"]
[PlyCount "106"]
[EventDate "2005.??.??"]
[EventType "swiss (corr)"]
[EventRounds "1"]
[SourceTitle "Corr 2008"]
[Source "ChessBase"]
[SourceDate "2008.06.24"]
[SourceVersion "1"]
[SourceVersionDate "2008.06.24"]
[SourceQuality "1"]

1. e4 c5 2. Nf3 e6 3. d4 cxd4 4. Nxd4 Nf6 5. Nc3 d6 6. Be3 a6 7. a4 Nc6 8. Be2 d5 9. exd5 exd5 10. 0-0 Bb4 11. Na2 Bd6 12. Bf3 Qc7 13. h3 0-0 14. Re1 Re8 15. Nc3 Be6 16. Nxe6 fxe6 17. Qd2 Bb4 18. Bf4 Qa5 19. Be5 Nxe5 20. Rxe5 Rac8 21. Qe2 Bxc3 22. bxc3 Qxc3 23. Rb1 Qc6 24. c3 Qd7 25. Re3 Rc6 26. Re1 Qc8 27. Qb2 Rc4 28. Qb3 Qc6 29. a5 Ra4 30. Re5 h6 31. Rb1 Rxa5 32. Qxb7 Qxc3 33. Re3 Qc5 34. Be2 Ra2 35. Rg3 Qf8 36. Bxa6 Re7 37. Qc8 Qxc8 38. Bxc8 Kf7 39. Re3 e5 40. Reb3 e4 41. Rb4 Rc7 42. Rb7 Ra7 43. Rxa7 Rxa7 44. Kf1 d4 45. Rb7+ Rxb7 46. Bxb7 Ke6 47. Ke2 Ke5 48. Kd2 d3 49. Bc8 Kd4 50. h4 g5 51. hxg5 hxg5 52. Be6 Nd5 53. Bg8 Nf4 0-1

[Event "IECC Swiss-465.4"]
[Site "IECC email"]
[Date "2004.11.26"]
[Round "?"]
[White "Keiper, Archie"]
[Black "Kukla, Kevin"]
[Result "0-1"]
[WhiteElo "1750"]
[BlackElo "1644"]
[PlyCount "110"]
[EventDate "2004.??.??"]
[EventType "swiss (corr)"]
[EventRounds "1"]
[SourceTitle "Corr 2008"]
[Source "ChessBase"]
[SourceDate "2008.06.24"]
[SourceVersion "1"]
[SourceVersionDate "2008.06.24"]
[SourceQuality "1"]

1. e4 e5 2. Nf3 Nc6 3. d4 exd4 4. c3 dxc3 5. Nxc3 Bb4 6. Bc4 Bxc3+ 7. bxc3 d6 8. 0-0 Nf6 9. e5 dxe5 10. Qxd8+ Nxd8 11. Nxe5 Be6 12. Bb5+ c6 13. Bd3 Nd5 14. Re1 Nxc3 15. Nf3 0-0 16. Ba3 Re8 17. Rac1 Nd5 18. Rc4 b6 19. Rcc1 h6 20. Nd4 Nf4 21. Be4 Bxa2 22. g3 Rxe4 23. Rxe4 Nfe6 24. Nf5 c5 25. Re2 Bb3 26. Rc3 Ba4 27. Rd2 Nb7 28. Bb2 a5 29. Re3 Re8 30. Kf1 Bc6 31. Ke1 b5 32. Nd6 Nxd6 33. Rxd6 Rc8 34. f4 b4 35. f5 Ng5 36. h4 Nf3+ 37. Kd1 Ba4+ 38. Ke2 Nh2 39. f6 Bb5+ 40. Kd1 Ng4 41. Re7 gxf6 42. Bxf6 Bc4 43. Kc1 Nxf6 44. Rxf6 Kg7 45. Rf4 Bb3 46. Rg4+ Kf8 47. Rge4 a4 48. Re1 c4 49. g4 c3 50. g5 hxg5 51. hxg5 a3 52. g6 a2 53. Ra7 Bd5 54. Rxa2 Bxa2 55. gxf7 b3 0-1

[Event "IECC Swiss email"]
[Site "IECC email"]
[Date "2001.06.20"]
[Round "?"]
[White "Turko, Sergey Ivanovich"]
[Black "Kukla, Kevin"]
[Result "1/2-1/2"]
[WhiteElo "1057"]
[BlackElo "1600"]
[PlyCount "83"]
[EventDate "2001.??.??"]
[EventType "tourn (corr)"]
[EventRounds "6"]
[SourceTitle "Corr 2008"]
[Source "ChessBase"]
[SourceDate "2008.06.24"]
[SourceVersion "1"]
[SourceVersionDate "2008.06.24"]
[SourceQuality "1"]

1. c4 Nf6 2. Nc3 e5 3. Nf3 Nc6 4. g3 d5 5. cxd5 Nxd5 6. Bg2 Be6 7. 0-0 Be7 8. d4 Nxc3 9. bxc3 exd4 10. Nxd4 Nxd4 11. cxd4 c6 12. Bf4 0-0 13. Rb1 Qd7 14. Qc2 Rfe8 15. Rfc1 Rac8 16. Qa4 b5 17. Qa6 Bc4 18. a4 Bf6 19. e3 g5 20. Be5 Bxe5 21. dxe5 Rxe5 22. Rd1 Qe6 23. axb5 cxb5 24. Rd6 Qe8 25. Qxa7 Rec5 26. Qa1 Qe5 27. Qxe5 Rxe5 28. Bf1 g4 29. h3 Bxf1 30. Kxf1 gxh3 31. Rh6 Rc2 32. Rxh3 h5 33. Rh4 Rf5 34. Rf4 Rxf4 35. exf4 Rc5 36. Rb4 f6 37. Ke2 Kf7 38. Kd3 Ke6 39. Re4+ Kf5 40. Rb4 Rd5+ 41. Ke3 Ke6 42. Ke4 1/2-1/2